|
|
|
|
| LEADER |
00000nam0a2200000 4500 |
| 001 |
45506 |
| 005 |
20231031023924.0 |
| 010 |
|
|
|a 5931650431
|
| 035 |
|
|
|a (RuTPU)RU\TPU\book\47372
|
| 090 |
|
|
|a 45506
|
| 100 |
|
|
|a 20021210d2001 km y0rusy50 ca
|
| 101 |
0 |
|
|a rus
|
| 102 |
|
|
|a RU
|
| 105 |
|
|
|a aс z 001zb
|
| 200 |
1 |
|
|a Имам Шамиль: пророк, властитель, воин
|f В. В. Дегоев
|g Московский государственный институт международных отношений (университет) МИД РФ
|
| 210 |
|
|
|a Москва
|c Русская панорама
|d 2001
|
| 215 |
|
|
|a 374 с.
|c ил.
|
| 225 |
1 |
|
|a Кавказский роковой круг
|
| 333 |
|
|
|a Исключено из фонда НТБ ТПУ
|
| 700 |
|
1 |
|a Дегоев
|b В. В.
|g Владимир Владимирович
|
| 712 |
0 |
2 |
|a Московский государственный институт международных отношений (университет) МИД РФ
|
| 801 |
|
1 |
|a RU
|b 63413507
|c 20021210
|g PSBO
|
| 801 |
|
2 |
|a RU
|b 63413507
|c 20220526
|g PSBO
|
| 942 |
|
|
|c BK
|